| 000 | 00512nam a2200193Ia 4500 | ||
|---|---|---|---|
| 008 | 090124s9999 xx 000 0 und d | ||
| 020 | _a81-7434-308-3 | ||
| 082 | _b45059 | ||
| 100 | _aपेठे मेघना | ||
| 245 | _a नातिचरामि | ||
| 250 | _a4 | ||
| 260 | _c2006 | ||
| 300 | _a335 | ||
| 600 | _aपेठे मेघना | ||
| 630 | _a नातिचरामि | ||
| 700 | _aपेठे मेघना | ||
| 730 | _a नातिचरामि | ||
| 942 | _cBOOK | ||
| 999 |
_c111277 _d111277 |
||